Anatomy, descriptive and surgical (Record no. 16062)
[ view plain ]
| 000 -LEADER | |
|---|---|
| fixed length control field | 00541nam a22001937a 4500 |
| 008 - FIXED-LENGTH DATA ELEMENTS--GENERAL INFORMATION | |
| fixed length control field | 160920b xxu||||| |||| 00| 0 eng d |
| 020 ## - INTERNATIONAL STANDARD BOOK NUMBER | |
| International Standard Book Number | 0914294083 |
| 040 ## - CATALOGING SOURCE | |
| Original cataloging agency | KABU |
| Transcribing agency | KABU |
| 050 ## - LIBRARY OF CONGRESS CALL NUMBER | |
| Classification number | QM23 |
| Item number | .G73 1974 C.1 |
| 100 ## - MAIN ENTRY--PERSONAL NAME | |
| Personal name | Gray,Henry |
| 245 ## - TITLE STATEMENT | |
| Title | Anatomy, descriptive and surgical |
| 260 ## - PUBLICATION, DISTRIBUTION, ETC. (IMPRINT) | |
| Place of publication, distribution, etc. | Philadelphia |
| Name of publisher, distributor, etc. | Courage books |
| Date of publication, distribution, etc. | 1974 |
| 300 ## - PHYSICAL DESCRIPTION | |
| Extent | 1257 p. |
| 650 ## - SUBJECT ADDED ENTRY--TOPICAL TERM | |
| Source of heading or term | Human anatomy |
| 650 ## - SUBJECT ADDED ENTRY--TOPICAL TERM | |
| Source of heading or term | Anatomy |
| 700 ## - ADDED ENTRY--PERSONAL NAME | |
| Personal name | Pick, T. Pickering |
| 700 ## - ADDED ENTRY--PERSONAL NAME | |
| Personal name | Howden, Robert |
| 942 ## - ADDED ENTRY ELEMENTS (KOHA) | |
| Source of classification or shelving scheme | Library of Congress Classification |
| Koha item type | General Collection |
| Classification part | QM23 .G73 19974 C.1 |
| Withdrawn status | Lost status | Source of classification or shelving scheme | Not for loan | Home library | Current library | Shelving location | Date acquired | Cost, normal purchase price | Total Checkouts | Total Renewals | Full call number | Barcode | Date last seen | Date last checked out | Copy number | Price effective from | Koha item type | Damaged status | Checked out |
|---|---|---|---|---|---|---|---|---|---|---|---|---|---|---|---|---|---|---|---|
| Library of Congress Classification | Kabarak, Main Campus | Kabarak, Main Campus | General Stacks | 20/09/2016 | 4450.00 | 21 | 3 | QM23 .G73 1974 C.1 | 026709 | 20/02/2025 | 09/01/2025 | C.1 | 20/09/2016 | General Collection | |||||
| Library of Congress Classification | Kabarak, Main Campus | Kabarak, Main Campus | General Stacks | 20/09/2016 | 4450.00 | 26 | 1 | QM23 .G73 1974 C.2 | 33976 | 17/03/2026 | 17/03/2026 | c.2 | 20/09/2016 | General Collection | |||||
| Library of Congress Classification | Kabarak, Main Campus | Kabarak, Main Campus | General Stacks | 20/09/2016 | 4450.00 | 21 | 2 | QM23 .G73 1974 C.3 | 026706 | 24/03/2026 | 03/03/2026 | c.3 | 20/09/2016 | General Collection | |||||
| Lost | Library of Congress Classification | Kabarak, Main Campus | Kabarak, Main Campus | General Stacks | 20/09/2016 | 4450.00 | 13 | 1 | QM23 .G73 1974 C.4 | 026707 | 17/10/2019 | 17/10/2019 | c.4 | 20/09/2016 | General Collection | ||||
| Library of Congress Classification | Kabarak, Main Campus | Kabarak, Main Campus | General Stacks | 20/09/2016 | 4450.00 | 30 | 4 | QM23 .G73 1974 C.5 | 026708 | 26/03/2026 | 26/03/2026 | c.5 | 20/09/2016 | General Collection | 27/04/2026 |